[Event "Topusko op 2nd"]
[Site "Topusko"]
[Date "2013.08.09"]
[Round "7"]
[White "Brigljevic, Iva Mila"]
[Black "Kerman, Josip"]
[Result "0-1"]
[WhiteElo "1563"]
[BlackElo "1747"]
[PlyCount "94"]
[EventDate "2013.08.03"]
[EventType "swiss"]
[EventRounds "7"]
[EventCountry "CRO"]
[SourceTitle "CBM 155 Extra"]
[Source "ChessBase"]
[SourceDate "2013.08.26"]
[SourceVersion "1"]
[SourceVersionDate "2013.08.26"]
[SourceQuality "1"]

1. d4 d5 2. c4 e6 3. Nc3 Nf6 4. cxd5 exd5 5. Bg5 Be7 6. Nf3 Be6 7. e3 a6 8. Qc2 Nbd7 9. Bd3 c5 10. 0-0 c4 11. Be2 Qc7 12. a4 0-0 13. Bf4 Bd6 14. Bxd6 Qxd6 15. h3 h6 16. a5 Rfb8 17. Na4 b5 18. axb6 Nxb6 19. Nc5 a5 20. Ne5 Nfd7 21. Nexd7 Nxd7 22. Nxd7 Bxd7 23. Rfb1 Rb3 24. Bd1 g6 25. Qd2 Rb4 26. b3 Bf5 27. Rb2 Qb6 28. Ra4 Rb8 29. Rxb4 axb4 30. Ra2 g5 31. Qb2 Qg6 32. Ra5 Qd6 33. Bf3 c3 34. Qc1 Be6 35. Qc2 Rc8 36. Be2 Rc7 37. Ra6 Rc6 38. Ra8+ Rc8 39. Ra6 Qd7 40. Rb6 Bf5 41. Qc1 Qa7 42. Ra6 Qc7 43. Rxh6 c2 44. Ba6 Ra8 45. e4 Bg6 46. Bd3 dxe4 47. Qxc2 Ra1+ 0-1

[Event "Topusko op 2nd"]
[Site "Topusko"]
[Date "2013.08.07"]
[Round "5"]
[White "Brigljevic, Iva Mila"]
[Black "Cenkovcan, Andrija"]
[Result "0-1"]
[WhiteElo "1563"]
[BlackElo "1911"]
[PlyCount "118"]
[EventDate "2013.08.03"]
[EventType "swiss"]
[EventRounds "7"]
[EventCountry "CRO"]
[SourceTitle "CBM 155 Extra"]
[Source "ChessBase"]
[SourceDate "2013.08.26"]
[SourceVersion "1"]
[SourceVersionDate "2013.08.26"]
[SourceQuality "1"]

1. d4 e6 2. c4 Nf6 3. g3 Bb4+ 4. Bd2 a5 5. Bg2 Nc6 6. Nf3 b6 7. Nc3 Bb7 8. 0-0 0-0 9. Qc2 Ne7 10. Rac1 d6 11. Rfd1 Re8 12. a3 Bxc3 13. Bxc3 Be4 14. Qd2 Ng6 15. b3 Qe7 16. Bb2 Rad8 17. Ne1 e5 18. Bxe4 Nxe4 19. Qc2 exd4 20. Bxd4 Ng5 21. e3 Ne5 22. Bxe5 dxe5 23. Qb2 Qe6 24. Qe2 Qc6 25. Qg4 Ne4 26. Rxd8 Rxd8 27. Rd1 Rf8 28. Qd7 Qc5 29. Qd5 Qxd5 30. Rxd5 f6 31. b4 axb4 32. axb4 Rc8 33. Nd3 Kf8 34. c5 Ke7 35. Nb2 c6 36. Rd1 bxc5 37. bxc5 Nxc5 38. Nd3 Rd8 39. Nb2 Rxd1+ 40. Nxd1 Ne4 41. Kf1 Kd6 42. Ke2 Kd5 43. Kd3 c5 44. f3 c4+ 45. Kc2 Ng5 46. f4 Ne4 47. Nc3+ Nxc3 48. Kxc3 exf4 49. exf4 f5 50. h3 h5 51. h4 Kc5 52. Kc2 Kd4 53. Kd2 c3+ 54. Kc2 Kc4 55. Kc1 Kd3 56. Kd1 c2+ 57. Kc1 g6 58. g4 hxg4 59. h5 gxh5 0-1

[Event "Topusko op 2nd"]
[Site "Topusko"]
[Date "2013.08.06"]
[Round "4"]
[White "Brigljevic, Iva Mila"]
[Black "Videkovic, Marina"]
[Result "1/2-1/2"]
[WhiteElo "1563"]
[BlackElo "1921"]
[PlyCount "42"]
[EventDate "2013.08.03"]
[EventType "swiss"]
[EventRounds "7"]
[EventCountry "CRO"]
[SourceTitle "CBM 155 Extra"]
[Source "ChessBase"]
[SourceDate "2013.08.26"]
[SourceVersion "1"]
[SourceVersionDate "2013.08.26"]
[SourceQuality "1"]

1. e4 e6 2. d4 d5 3. exd5 exd5 4. Bd3 Bd6 5. Ne2 Ne7 6. 0-0 0-0 7. Bf4 c6 8. c3 Bg4 9. f3 Bh5 10. Qc2 Bg6 11. Nd2 Bxd3 12. Qxd3 Ng6 13. Bxd6 Qxd6 14. Rae1 Nd7 15. Nb3 Rfe8 16. Qd2 Re6 17. Nbc1 Rae8 18. Nd3 h6 19. Ng3 Rxe1 20. Rxe1 Rxe1+ 21. Qxe1 Kf8 1/2-1/2

[Event "Topusko op 2nd"]
[Site "Topusko"]
[Date "2013.08.05"]
[Round "3"]
[White "Kamenecki, Stjepan"]
[Black "Brigljevic, Iva Mila"]
[Result "1/2-1/2"]
[WhiteElo "1939"]
[BlackElo "1563"]
[PlyCount "118"]
[EventDate "2013.08.03"]
[EventType "swiss"]
[EventRounds "7"]
[EventCountry "CRO"]
[SourceTitle "CBM 155 Extra"]
[Source "ChessBase"]
[SourceDate "2013.08.26"]
[SourceVersion "1"]
[SourceVersionDate "2013.08.26"]
[SourceQuality "1"]

1. c4 Nf6 2. Nc3 g6 3. d4 d5 4. e3 Bg7 5. Bd3 0-0 6. Nf3 dxc4 7. Bxc4 c5 8. 0-0 Nc6 9. d5 Na5 10. Be2 e6 11. e4 exd5 12. exd5 a6 13. a4 Qd6 14. Bg5 Re8 15. Re1 Bd7 16. g3 Qb6 17. Ra2 Ne4 18. Nxe4 Rxe4 19. Bf1 Rae8 20. Rxe4 Rxe4 21. Bd3 Re8 22. Bd2 Bg4 23. Kg2 Nb3 24. a5 Qf6 25. Bc3 Bxf3+ 26. Qxf3 Qxf3+ 27. Kxf3 Bxc3 28. bxc3 Nc1 29. Rd2 Nb3 30. Rd1 Nxa5 31. d6 Rd8 32. Be4 b5 33. d7 Nc4 34. Kf4 Kf8 35. Bb7 Nb6 36. Rd6 Nxd7 37. Bxa6 Ke7 38. Rd5 b4 39. cxb4 cxb4 40. Kg5 h5 41. f4 Rb8 42. Bd3 b3 43. f5 f6+ 44. Kh6 g5 45. Rb5 Rxb5 46. Bxb5 Ne5 47. Ba4 b2 48. Bc2 Nc4 49. Kxh5 Nd2 50. Kg6 b1Q 51. Bxb1 Nxb1 52. h4 gxh4 53. gxh4 Nc3 54. h5 Ne4 55. h6 Ng5 56. Kg7 Nh7 57. Kg6 Nf8+ 58. Kg7 Nh7 59. Kh8 Kf8 1/2-1/2

[Event "Topusko op 2nd"]
[Site "Topusko"]
[Date "2013.08.03"]
[Round "1"]
[White "Vucic, Mihovil"]
[Black "Brigljevic, Iva Mila"]
[Result "1-0"]
[WhiteElo "2062"]
[BlackElo "1563"]
[PlyCount "57"]
[EventDate "2013.08.03"]
[EventType "swiss"]
[EventRounds "7"]
[EventCountry "CRO"]
[SourceTitle "CBM 155 Extra"]
[Source "ChessBase"]
[SourceDate "2013.08.26"]
[SourceVersion "1"]
[SourceVersionDate "2013.08.26"]
[SourceQuality "1"]

1. e4 e6 2. d4 d5 3. exd5 exd5 4. Nf3 Bd6 5. c4 Nf6 6. Nc3 0-0 7. Bg5 Re8+ 8. Be2 dxc4 9. 0-0 Bf5 10. Bxc4 c6 11. Qb3 Qc7 12. Bxf6 gxf6 13. Rfe1 Rxe1+ 14. Rxe1 b5 15. Re8+ Kg7 16. Bf1 Bd7 17. Re1 Bg4 18. Ne4 Bf4 19. g3 Bh6 20. Qc3 b4 21. Qd3 Nd7 22. Nh4 Rd8 23. Qc4 a5 24. h3 Be6 25. Qc2 Nb6 26. Nc5 Rxd4 27. Rxe6 Rd2 28. Nf5+ Kh8 29. Re8+ 1-0